000 00346nam a2200145Ia 4500
003 OSt
005 20240327114027.0
008 170523s9999 xx 000 0 und d
020 _a978-8195123124
040 _cIIMT UNIVERSIYTY MEERUT
100 _aBimbhra- P.S.
245 0 _aPower Electronics
260 _akhanna Publishers
942 _2ddc
_c02
999 _c12548
_d12548